00498cam a22001577a 4500008004000000020001500040082001700055100001700072245007100089260002600160300001000186650004100196650002400237650003700261650004200298180718b2001 xxu||||| |||| 00| 0 eng d a8186912061 aF5x54211 T31 aTewari, Indu aUnity for identity: struggle for Uttarakhand statecby Indu Tewari aNew DelhibK.K.c2001 a158p. aUttranchal - Politics and government aUttrakhand movement aRegionalism - Uttranchal - India aSocial movements - Uttranchal - India